| 000 | 01909nam a22002417a 4500 | ||
|---|---|---|---|
| 999 |
_c57192 _d57192 |
||
| 003 | Ge_BSU | ||
| 005 | 20200108114343.0 | ||
| 008 | 200108s2019ge xxu||||| |||| 00| 0 geo d | ||
| 020 | _a9789941488092 | ||
| 041 | _ageo | ||
| 080 | _a339+005(063) ე-75 | ||
| 245 |
_aეროვნული პროდუქციის კონკურენტუნარიანოიბის პრობლემები თანამედროვე პირობებში : _bეროვნული სამეცნიერო კონფერენცია : კრებული / _cსამეცნი.საორგან.კომიტ. მერაბ ხალვაში ; ბადრი გეჩბაია ; ნათელა წიკლაშვილი და სხვ. |
||
| 264 |
_aბათუმი : _bბათუმის შოთა რუსთაველის სახელმწიფო უნივერსიტეტი, _c2019. |
||
| 300 |
_a83 გვ.: _c17 სმ. |
||
| 653 | _aმარკეტინგი | ||
| 653 | _aმენეჯმენტი | ||
| 653 | _aეკონომიკა | ||
| 700 |
_aხალვაში, მერაბ _eსამეცნიერო სდაორგანიზაციო კომიტეტი _94070 |
||
| 700 |
_aგეჩბაია, ბადრი _eსამეცნიერო სდაორგანიზაციო კომიტეტი _91999 |
||
| 700 |
_aწიკლაშვილი, ნათელა _eსამეცნიერო სდაორგანიზაციო კომიტეტი _96001 |
||
| 710 |
_eბათუმის შოთა რუსთაველის სახელმწიფო უნ-ტი ეკონომიკისა და ბიზნესის ფაკულტეტი _96002 |
||
| 942 |
_2udc _cBK |
||